Home office vs. produktivita zamestnancov v praxi medzinárodných firiem bakalárska práca

Salvato in:
Dettagli Bibliografici
Autore principale: Pekarová, Barbora
Ente Autore: Obchodná fakulta EU. Katedra medzinárodného obchodu
Altri autori: Krajčík, Daniel, 1981-
Natura: Libro
Lingua:slovacco
Pubblicazione: Bratislava 2021
Tags: Aggiungi Tag
Nessun Tag, puoi essere il primo ad aggiungerne!!

MARC

LEADER 00000nbm a2200000 4500
001 0275991
005 20220209124723.4
041 0 |a slo 
044 |a SK 
245 1 0 |a Home office vs. produktivita zamestnancov v praxi medzinárodných firiem  |b bakalárska práca  |c Barbora Pekarová ; školiteľ: Daniel Krajčík 
264 1 |a Bratislava  |c 2021 
300 |a 53 s. 
100 1 |a Pekarová, Barbora 
700 1 |a Krajčík, Daniel, 1981- 
710 2 |a Obchodná fakulta EU. Katedra medzinárodného obchodu